000 00444nam a2200193Ia 4500
003 OSt
005 20221005130441.0
006 a|||||r|||| 00| 0
007 ta
008 221004b |||||||| |||| 00| 0 eng d
024 _a110908
037 _cTextual
040 _aCRL
_cCRL
_beng
041 _2eng
_aeng
245 0 _aReport proding de la legislation colonial
260 _c1945
942 _cTEXL
_2cc
999 _c1057291
_d1057291